| 000 | 00667nam a22002417a 4500 | ||
|---|---|---|---|
| 005 | 20170124105939.0 | ||
| 010 | _a811982 | ||
| 020 | _c12.00 | ||
| 035 | _a811982 | ||
| 037 | _bCen Lib/Ret | ||
| 040 |
_aDPL _bEN |
||
| 082 | _a304 | ||
| 100 |
_aArrow,Kenneth J. _910666 |
||
| 245 |
_aSocial choice and individual values / _cby Kenneth J.Arrow |
||
| 250 | _a2nd ed | ||
| 260 |
_aNew Delhi _bTata McGraw-Hill publishing _c1951 |
||
| 270 |
_aNew Delhi _bNew Delhi _e110020 |
||
| 300 |
_axi,124p. _c19cm(Hb) |
||
| 500 | _aIncludes index | ||
| 650 |
_aSocial science _910667 |
||
| 650 |
_aSocial welfare _910668 |
||
| 942 |
_2ddc _cEN _h304 _mARR |
||
| 999 |
_c124402 _d124402 |
||